00757nam a22001817a 4500003000900000005001700009008004100026040001300067100004500080245010700125250001200232260003300244300001800277520016300295942001200458999001700470952008800487IT-RoPau20220918175935.0121116b xxu||||| |||| 00| 0 eng d cIT-RoPau aAlberione GiacomoqPrimo Maestro SSP931 aL'apostolato dell'edizione (in cop.: delle edizioni).bManuale direttivo di formazione e di apostolato a2° ed. aRomabEdizioni Paolinec1950 a352 p.c17 cm aINDICE Introduzione; PARTE PRIMA L'apostolato; L'apostolo; PARTE SECONDA L'apostolato della stampa; L'apostolato del cinematografo; L'apostolato della radio.  2ddccBK c37520d37520 00102ddc4071aPAULUSbPAULUSd2022-09-26l0r2022-09-26 00:00:00w2022-09-26yBK